| 000 | 00539ata a2200217 4500 | ||
|---|---|---|---|
| 005 | 20161109132244.0 | ||
| 008 | 150521b xxu||||| |||| 00| 0 spa d | ||
| 041 | _aspa | ||
| 082 | _a155.904.2 P768a | ||
| 100 |
_aPolisky, Saul _930700 |
||
| 245 | _aEl arte de vivir sin estrés | ||
| 260 | _aEspaña | ||
| 260 | _bSan Pablo | ||
| 260 | _c2011 | ||
| 300 | _a104 páginas | ||
| 650 |
_aESTRÉS _94272 |
||
| 650 |
_aAUTOAYUDA _95512 |
||
| 650 |
_aSÍNTOMAS DEL ESTRÉS _930701 |
||
| 650 |
_aMANEJO DEL ESTRÉS _93385 |
||
| 942 | _cBK | ||
| 999 |
_c5880 _d5880 |
||